| 000 | 01891nam a22002417a 4500 | ||
|---|---|---|---|
| 005 | 20250915115952.0 | ||
| 008 | t2016 enka |b 001 0 eng | | ||
| 020 | _a9781350125209 | ||
| 040 |
_aGR-AtMCL _beng |
||
| 245 | 0 | 0 |
_aThinking through fashion : _ba guide to key theorists / _cAgnès Rocamora and Anneke Smelik (editors). |
| 264 | 1 |
_aLondon ; _aNew York : _bBloomsbury Visual Arts, _c2016. |
|
| 300 |
_a310 p.; _c23 cm. |
||
| 490 | 0 | _aDress cultures | |
| 504 | _aIncludes bibliographical references and index. | ||
| 520 | _aLearning how to think through fashion is both exciting and challenging, being dependent on one’s ability to critically engage with an array of theories and concepts. This is the first book designed to accompany readers through the process of thinking through fashion. It aims to help them grasp both the relevance of social and cultural theory to fashion, dress, and material culture and, conversely, the relevance of those fields to social and cultural theory. It does so by offering a guide through the work of selected major thinkers, introducing their concepts and ideas. Each chapter is written by an expert contributor and is devoted to a key thinker, capturing the significance of their thought to the understanding of the field of fashion, while also assessing the importance of this field for a critical engagement with these thinkers’ ideas. This is a guide and reference for students and scholars in the fields of fashion, dress and material culture, the creative industries, sociology, cultural history, design and cultural studies. | ||
| 588 | _aDescription based on print version record and CIP data provided by publisher; resource not viewed. | ||
| 650 | 0 |
_aFashion _99926 |
|
| 650 | 0 |
_aFashion design _910081 |
|
| 700 |
_aRocamora, Agnès _4340 _910114 |
||
| 700 |
_aSmelik, Anneke _4340 _910115 |
||
| 942 | _cBK | ||
| 999 |
_c9936 _d9936 |
||